A text book of basic electronics (1/11 sem B E course, as per the latest syllabus, VTU) (Record no. 168920)
[ view plain ]
| 000 -LEADER | |
|---|---|
| fixed length control field | 00509nam a2200157Ia 4500 |
| 008 - FIXED-LENGTH DATA ELEMENTS--GENERAL INFORMATION | |
| fixed length control field | 231217s9999 xx 000 0 und d |
| 041 ## - LANGUAGE CODE | |
| Language code of text/sound track or separate title | English |
| 082 ## - DEWEY DECIMAL CLASSIFICATION NUMBER | |
| Classification number | 621.381 ASW;1 `R' |
| 100 ## - MAIN ENTRY--PERSONAL NAME | |
| Personal name | Aswathanarayana Rao, T. Ramachandra, R. |
| 245 #2 - TITLE STATEMENT | |
| Title | A text book of basic electronics (1/11 sem B E course, as per the latest syllabus, VTU) |
| 250 ## - EDITION STATEMENT | |
| Edition statement | 1st ed. |
| 260 ## - PUBLICATION, DISTRIBUTION, ETC. | |
| Date of publication, distribution, etc. | 2002 |
| Name of publisher, distributor, etc. | Sri Ranga |
| 300 ## - PHYSICAL DESCRIPTION | |
| Extent | 317 |
| 650 ## - SUBJECT ADDED ENTRY--TOPICAL TERM | |
| Topical term or geographic name entry element | basic,electronics,(1/11,semester,B,E,course,,as,per,syllabus,,VTU) |
| 942 ## - ADDED ENTRY ELEMENTS (KOHA) | |
| Koha item type | Books |
| Date last seen | Total checkouts | Full call number | Accession number | Price effective from | Category | Lost status | Damaged status | Department | Withdrawn status | Home library | Current library | Entry date | Grants | Billdate | Currency symbol | Conversion rate | Discount | Old discount | Shelving location |
|---|---|---|---|---|---|---|---|---|---|---|---|---|---|---|---|---|---|---|---|
| 26/01/2024 | 621.381 ASW;1 `R' | 21174 | 26/01/2024 | Books | Central Library | Central Library | Central Library | 22/11/2002 | DONATED | 11/01/2005 | RS | 1 | |||||||
| 26/01/2024 | 621.381 ASW;2 `R1' | 21175 | 26/01/2024 | Books | Central Library | Central Library | Central Library | 22/11/2002 | DONATED | 11/01/2005 | RS | 1 | |||||||
| 26/01/2024 | 621.381 ASW;3 | 21176 | 26/01/2024 | Books | Central Library | Central Library | Central Library | 22/11/2002 | DONATED | 11/01/2005 | RS | 1 | |||||||
| 26/01/2024 | 621.381 ASW;5 | 21178 | 26/01/2024 | Books | Central Library | Central Library | Central Library | 22/11/2002 | DONATED | 11/01/2005 | RS | 1 | |||||||
| 26/01/2024 | 621.381 ASW | 23720 | 26/01/2024 | Books | EC | Central Library | Central Library | 03/12/2003 | EC | 11/04/2005 | RS | 1 | |||||||
| 26/01/2024 | 621.381 ASW | 23721 | 26/01/2024 | Books | Central Library | Central Library | Central Library | 03/12/2003 | EC | 11/04/2005 | RS | 1 | Central Library | ||||||
| 26/01/2024 | 621.381 ASW | 23722 | 26/01/2024 | Books | EC | Central Library | Central Library | 03/12/2003 | EC | 11/04/2005 | RS | 1 |
